skbl

Dr Suryya Kumar Bhuyan Library Web-OPAC
ডঃ সূৰ্য্য
কুমাৰ ভূঞা পুথিভঁৰাল ৱেব-অ'পেক

All Research Scholars are advised to clear the annual library fees to continue using Library Resources, Remote Access, Plagiarism Test and Library Clearance.

Cotton University Book Fair 2026

Letters From Maneri (Record no. 57463)

MARC details
000 -LEADER
fixed length control field 00426nam a2200157Ia 4500
001 - CONTROL NUMBER
control field 57555
008 - FIXED-LENGTH DATA ELEMENTS--GENERAL INFORMATION
fixed length control field 140505n ii |||gr||||Z||||||465
082 ## - DEWEY DECIMAL CLASSIFICATION NUMBER
Classification number 297.4
100 ## - MAIN ENTRY--PERSONAL NAME
Personal name Jackson,
Relator term Paul .,
245 #0 - TITLE STATEMENT
Title Letters From Maneri
Statement of responsibility, etc. Paul Jackson
Medium Textual Documents
260 ## - PUBLICATION, DISTRIBUTION, ETC.
Place of publication, distribution, etc. New Delhi:
Name of publisher, distributor, etc. Horizon India Books.
300 ## - PHYSICAL DESCRIPTION
Extent 458p:
Dimensions 23cm.
653 ## - INDEX TERM--UNCONTROLLED
Uncontrolled term Letters From Maneri(Sufi Saint)
653 ## - INDEX TERM--UNCONTROLLED
Uncontrolled term G-Religion
942 ## - ADDED ENTRY ELEMENTS (KOHA)
Source of classification or shelving scheme Dewey Decimal Classification
Koha item type Books
Holdings
Withdrawn status Lost status Damaged status Not for loan Collection Home library Current library Shelving location Date acquired Coded location qualifier Cost, normal purchase price Total checkouts Full call number Barcode Date last seen Copy number Price effective from Koha item type
          Dr. Suryya Kumar Bhuyan Library Dr. Suryya Kumar Bhuyan Library   05/05/2014 00000 395.00   297.4 Ja132Le 014/Isl 14/01/2024 1 05/05/2014 Books

Designed and Maintained by Team SKBL
©1901-2026

Powered by Koha